Los Sphex de España / (Record no. 58715)

MARC details
000 -LEADER
campo de control de longitud fija 00498nam a2200157 i 4500
001 - NÚMERO DE CONTROL
campo de control 58715
003 - IDENTIFICADOR DE NÚMERO DE CONTROL
campo de control ES-MaACL
005 - FECHA Y HORA DE LA ÚLTIMA TRANSACCIÓN
campo de control 20230906163852.0
007 - CAMPO FIJO DE DESCRIPCIÓN FÍSICA--INFORMACIÓN GENERAL
campo de control de longitud fija t|
008 - DATOS DE LONGITUD FIJA--INFORMACIÓN GENERAL
campo de control de longitud fija 031023s1906 sp ||||1| spa d
100 1# - ENTRADA PRINCIPAL--NOMBRE DE PERSONA
Nombre de persona Dusmet y Alonso, José María.
9 (RLIN) 46341
245 14 - MENCIÓN DEL TÍTULO
Título Los Sphex de España /
Mención de responsabilidad, etc. por José Mª Dusmet y Alonso y Ricardo García Mercet.
260 ## - PUBLICACIÓN, DISTRIBUCIÓN, ETC.
Lugar de publicación, distribución, etc. Madrid :
Nombre del editor, distribuidor, etc. [s.n.,
Fecha de publicación, distribución, etc. 1906]
500 ## - NOTA GENERAL
Nota general Boletín de la Sociedad Española de Historia Natural, 1906.
852 ## - LOCALIZACIÓN
Ubicación ES-MaACL
Número de control de estantería T-1475-F-1
Holdings
Estatus retirado Estado de pérdida Estado de daño No para préstamo Colección Biblioteca de origen Biblioteca actual Ubicación en estantería Fecha de adquisición Fuente de adquisición Total de préstamos Signatura topográfica completa Código de barras Visto por última vez Precio de reemplazo Tipo de ítem Koha
        Colección de folletos Biblioteca del Ateneo de Madrid Biblioteca del Ateneo de Madrid Depósito folletos 17/01/2008     T-1475-F-1 1061598 23/02/2023 23/02/2023 Folleto